000 00672nam a2200205Ia 4500
003 IN-BaIIA
008 211028s9999 xx 000 0 eng d
020 _a978-0-241-95771-4
040 _cIIA Library
080 _a82.08
_bPIN
100 _aPinker, Steven
_933145
245 4 _aThe sense of style
_bthe thinking person's guide to writing in the 21st century
_cSteven Pinker
260 _aLondon
_bPenguin Books
_c2015
300 _aviii, 359p.
650 _aEnglish language - Style
_936814
650 _aEnglish language - Writing
_936815
650 _aRhetoric
_936816
650 _aStyle, Literary
_936817
942 _cBK
999 _c19256
_d19256